| 000 | 00375nam a22001097a 4500 | ||
|---|---|---|---|
| 008 | 230621b xxu||||| |||| 00| 0 eng d | ||
| 082 |
_a328.3 _bRSA |
||
| 245 |
_aProcedural Developments in the National Assembly _bSecond Session -Third Parliament January to December 2005 |
||
| 260 |
_a South Africa _bParliament of the Republic of South Africa |
||
| 300 | _a35p | ||
| 942 |
_2ddc _cBK |
||
| 999 |
_c2332 _d2332 |
||